000 01001nam a22002417a 4500
005 20240530110447.0
008 150428s2009 ua bok f b 000 0dara d
017 _a2009/20345
_bمصر . دار الكتب المصرية
020 _a9789774211534
040 _aEG-CaGPL
082 0 4 _221
_a962.074
_bق/ع ي
100 0 _aعادل وديع فلسطين
245 1 0 _aيوميات حرب اكتوبر /
_cعادل وديع فلسطين
260 _aالقاهرة :
_bالهيئة المصرية العامة للكتاب ،
_c2009 .
300 _a565 ص :
_bايض ؛
_c24 سم +
_eملاحق
504 _aيشتمل على ارجاعات ببليوجرافية
650 0 4 _aحرب يونيو 1967
_zمصر
650 0 4 _aحرب اكتوبر 1973
_zمصر
651 0 4 _aمصر
_xالاحوال السياسية
_yحرب اكتوبر 1973
651 0 4 _aمصر
_xتاريخ
_xانور السادات
_yالعصر الحديث
942 _2ddc
_cBK
999 _c61167
_d61167